000
00311nam a2200097Ia 4500
008
180130s9999 xx 000 0 und d
245
_c
Karp, R.J.
_a
Health
260
_c
2014
300
_a
Book title: Blackwell handbook of infant development--Acession number C19029; pages 716-740
650
_a
INFANTS--DEVELOPMENT
999
_c
354045
_d
354045